El rostro de la multitud: estudios sobre revolución, ideología y protesta popular
Saved in:
| Hovedforfatter: | |
|---|---|
| Format: | Bog |
| Sprog: | spansk |
| Udgivet: |
Valencia
Centro Francisco Tomás y Valiente
2000
|
| Serier: | Biblioteca Historia Social, 7
|
| Fag: | |
| Tags: |
Tilføj Tag
Ingen Tags, Vær først til at tagge denne postø!
|
MARC
| LEADER | 00000nam a2200000 a 4500 | ||
|---|---|---|---|
| 001 | UCN7866 | ||
| 003 | CL-VaPUC | ||
| 008 | 011026e20000000SP |||||||||||||||||spa|d | ||
| 082 | 0 | 4 | |a 322.4 |b RUD |2 21 |
| 100 | 0 | |a Rudé, George |e author |9 464051 | |
| 245 | 1 | 3 | |a El rostro de la multitud: estudios sobre revolución, ideología y protesta popular |
| 300 | |a 258 p | ||
| 942 | |c BK | ||
| 945 | |d 20011026 00:00:00 |a cmena | ||
| 260 | |a Valencia |b Centro Francisco Tomás y Valiente |c 2000 | ||
| 650 | 7 | |a REVOLUCIONES POLITICAS |2 CL-VaPUC |9 464052 | |
| 650 | 0 | |a Ideologías políticas |9 255735 | |
| 650 | 0 | |a Partidos políticos |9 254999 | |
| 650 | 7 | |a MARXISMO |2 CL-VaPUC |9 464053 | |
| 650 | 0 | |a Revolución francesa |9 324244 | |
| 650 | 7 | |a GRUPOS REVOLUCIONARIOS |2 CL-VaPUC |9 449004 | |
| 651 | 0 | |a Europa |9 255156 | |
| 583 | |a last modification |c 20011026 00:00:00 |k Rodrigo Vera | ||
| 490 | 0 | |a Biblioteca Historia Social, 7 | |
| 999 | |c 298058 |d 298056 | ||
| 952 | |0 0 |1 0 |4 0 |6 322_400000000000000_RUD_2000 |7 0 |8 A |9 353391 |a BIBHIS |b BIBHIS |d 2019-11-21 |i 3765482 |o 322.4 RUD 2000 |p 3765482 |r 2025-01-20 |w 2019-11-21 |y BK |k HIS | ||